000
00241nam a2200085Ia 4500
245
0
_a
Snapshot
100
_a
Robertson, Craig Rearsy, [England], 2011 Large print ed
_9
101210
942
_c
BK
008
210817s9999 xx 000 0 und d
999
_c
437394
_d
437393